000 nam a22 a 4500
999 _c58677
_d58677
003 BLK
005 20210210121431.0
008 180408b bul|||||r ||||||| ||bul||
010 _aKNG00062735000
020 _a5-85270-001-0
040 _aBLK
041 _aRUS
_cRUS
080 _aОбщи енциклопедии. Енциклопедични речници. Научни справочници. Отраслови енциклопедии и справочници се класират в съответните отдели с определител за форма
_b03
_z03
139 _aСоветский энциклопедический словарь
_bС 49
245 1 0 _aСоветский энциклопедический словарь
_cглав. ред. Александр Михайлович Прохоров.
250 _a4. испр. и доп. изд
257 _aSUN
260 _aМосква
_bСов. энциклопедия
_c1989
300 _a163 с.
_c26 см
380 _a0
700 1 _aПрохоров, Александр Михайлович
_eглав. ред.
_9288463
852 _aЦб ІІ 7411
856 4 _qpdf
856 4 _qpdf
942 _cKNG
_n0
_s1
944 _aCR
_c13.06.2004
_kЧиталня
944 _aED
_c20.03.2018
_kПравда_Бадева
999 _d58677